| 000 | 00528nam a2200193 i 4500 | ||
|---|---|---|---|
| 001 | bg | ||
| 100 | 1 | _aGERSON, Fabian | |
| 245 | 0 |
_aSpektroskopija EPR vysokogo razresenija / _cFabian Gerson ; Perev. s ang. |
|
| 260 |
_aMoskva : _bIzdat. "Mir", _c1973. |
||
| 300 |
_as. 214 : _brys. |
||
| 500 | _a[Tyt. również w jęz. ang.]. | ||
| 500 | _a[Alf. ros.]. | ||
| 504 | _a[Zawiera bibliogr. s. 201-212]. | ||
| 040 | _cBPK | ||
| 041 | _apol | ||
| 080 | _a543.422 | ||
| 942 | _cKS | ||
| 008 | s pl f |000 0 pol | ||
| 999 |
_c26666 _d26666 |
||
| 856 |
_uhttp://koha.tu.koszalin.pl/cgi-bin/koha/opac-detail.pl?biblionumber=26666 _yKatalog online BPK |
||